000 00522naa a22002177a 4500
001 28639
003 93739
005 20201118100548.0
008 ||||||n9999 ||| || ||
100 _aTrazegnies Granda, Fernando de
245 0 _aRol de la sociedad civil
300 _app.78-17
562 _e0
650 _aCONTEXTO CULTURAL
650 _aDERECHOS DE LOS INDIVIDUOS
650 _aESTADO
650 _aGOBIERNO
650 _aPERU
773 _015936
_aDemocracia y sociedad civil
942 _cCHAP
999 _c28639
_d28639